000 00247nam a22001097a 4500
008 170120b xxu||||| |||| 00| 0 eng d
020 _a9781416040781
041 _aeng
080 _a618.2
245 _aNCLEX-RN REVIEW
_cANDERSON, M
942 _2udc
_cBK
999 _c3244
_d3244